Statystyki dla Uczestniczy Foodtrucka

Kliknij tutaj aby rozwiązać quiz!

Ogólne statystyki

  • Ten quiz został rozwiązany 26 razy
  • Średni wynik to 43 z 95

Statystyki odpowiedzi

HintOdpowiedź% Poprawnych
56. (BR)Wojciech Szczęsny
100%
7.(BR)Wojciech Szczęsny
100%
9. (N)Arkadiusz Milik
90%
1.(BR)Łukasz Fabiański
85%
85. (BR)Łukasz Fabiański
85%
84. T K (ŚPD)Mariusz Lewandowski
85%
43. (ŚO)Jan Bednarek
80%
4.(N)Krzysztof Piątek
80%
32. (N)Krzysztof Piątek
80%
(BR)Filip Bednarek
75%
18. (ŚPD)Grzegorz Krychowiak
75%
36. (PO)Łukasz Piszczek
75%
71. (PP)Jakbu Błaszczykowski
70%
5.(PP)Jakub Błaszczykowski
70%
86.K Prezes (ŚPO)Zbigniew Boniek
70%
2.(PO)Bartosz Bereszyński
65%
87. (ŚPD)Jacek Góralski
65%
58. (BR)Kamil Grabara
65%
19. (BR)Kamil Grabara
65%
45. (LP)Kamil Grosicki
65%
46. (ŚP)Krzysztof Mączyński
65%
(LO)Maciej Rybus
65%
34. (LO)Maciej Rybus
65%
81. (BR)Bartłomiej Drągowski
60%
27. (BR)Bartłomiej Drągowski
60%
79. K (LP)Jacek Krzynówek
60%
68. (ŚPD)Jakub Moder
60%
70. (ŚP)Karol Linetty
60%
29. (ŚP)Karol Linetty
60%
49. (LP,PP)Sławomir Peszko
60%
23. TFranciszek Smuda
55%
11. (LO)Jakub Wawrzyniak
55%
3.(LP,PP)Bartosz Kapustka
50%
10. T (BR)Czesław Michniewicz
50%
25. KobietaEwa Pajor
50%
54. (N)Karol Świderski
50%
63. (LO)Michał Karbownik
50%
44. (ŚPO)Sebastian Szymański
50%
(LO)Tymoteusz Puchacz
50%
12. (LO)Tymoteusz Puchacz
50%
50. (LP, PP)Waldemar Sobota
50%
47. (ŚPO)Adrian Mierzejewski
45%
26.K (ŚPD)Dariusz Dudka
45%
78. (N)Kamil Wilczek
45%
20. (ŚO,ŚPD)Krystian Bielik
45%
40. K (N)Maciej Żurawski
45%
52. (BR)Marcin Bułka
45%
39. (N)Mariusz Stępiński
45%
37. (ŚP)Mateusz Klich
45%
14. K (ŚO)Michał Żewłakow
45%
31. (PP,LP)Paweł Wszołek
45%
42. (BR)Rafał Gikiewicz
45%
13. (PO)Tomasz Kędziora
45%
59. (N)Adam Buksa
40%
52. KobietaKatarzyna Kiedrzynek
40%
38. (ŚPO)Radosław Majewski
40%
21. K (ŚPO)Sebastian Mila
40%
74. (ŚO)Sebastian Walukiewicz
40%
77.(PP)Tomasz Kądzior
40%
61. (LO)Adam Marciniak
35%
35. (N)Dawid Kownacki
35%
82. (N)Jakub Kamiński
35%
8. K (BR)Józef Młynarczyk
35%
22. (LP,PP)Michał Kucharczyk
35%
6.(ŚPO)Ondrej Duda
35%
80. (ŚPD)Paweł Bochniewicz
35%
41. K (BR)Peter Schmeichel
35%
28. (ŚP)Szymon Żurkowski
35%
67. (BR)Wojciech Pawłowski
35%
24. PrezesBogusław Leśnodorski
30%
(LP,PP)Michał Żyro
30%
51. (ŚP)Vadis Odjidja Ofoe
30%
64. K (ŚPO)Aleksandr Hleb
25%
60. (ŚPD)Ariel Borysiuk
25%
69. (N)Patryk Klimala
25%
75. (LP, PP)Tomasz Kupisz
25%
17, SędziaDaniel Stefański
20%
57. (ŚO)Jakub Rzeźniczak
20%
72. (N)Nemanja Nikolic
20%
83.(BR)Tomasz Loska
20%
(PO)Damian Zbozień
15%
30. (N)Fabio Quagliarella
15%
76. (ŚPO)Filip jagiełło
15%
73. Prezes LechKarol Klimczak
15%
66. K (ŚPO)Michał Janota
15%
33. K (N)Ronaldo
15%
55.(ŚPD)Jakub Piotrowski
10%
48. (ŚPO)Mateusz Cetnarski
10%
16. K (ŚO)Ronald De Boer
10%
62. (ŚPO)Darko Jevtic
5%
(BR)Jakub Ojrzyński
5%
53. T PAOKMirosław Sznaucner
5%
65.(ŚO)Łukasz Bejger
0%
15.(BR) AjaxMateusz Górski
0%
Prezes STSMateusz Juroszek
0%

Rozkład punktacji

Percentyl według liczby udzielonych odpowiedzi

Procent ludzi z każdym wynikiem

Twoja historia wyników

Nie rozwiązałeś tego quizu